Kontiliatie v naplánovanom termíne Modernizovanie a rozširovanie Švermových železiarní postupuje

Bibliographic Details
Main Author: Ruttkay, Miroslav (Author)
Format: Article
Language:Slovak
PhysicalDescription:Obr. 2.
Subjects:

MARC

LEADER 00000nab a2200000 a 4500
001 vtls000115135
003 SK-MaSNL
005 20260426100715.0
008 111104c1982 xo 0 slo
015 |a SNBRB19rr/mm-uuuuu 
035 |a CL0125239 
040 |a SNKBUCL  |b slo  |c SNKBUCL  |e AACR2 
041 0 |a slo 
044 |a xo  |c SK 
080 |a 669.1(437.6)  |2 1981 
100 1 |a Ruttkay, Miroslav  |4 aut  |9 269524 
245 1 0 |a Kontiliatie v naplánovanom termíne  |b Modernizovanie a rozširovanie Švermových železiarní postupuje  |c Miroslav Ruttkay 
300 |b Obr. 2. 
610 2 7 |a Švermove železiarne (Podbrezová, Slovensko)  |x modernizácia  |2 snkbucl  |9 1571356 
650 0 7 |a priemysel metalurgický  |z Podbrezová (Slovensko)  |2 snkbucl  |9 1002301 
650 0 7 |a metalurgia  |2 SNKPH  |9 941 
651 7 |a 5301  |2 snkbucl  |9 893756 
651 7 |a Podbrezová (Slovensko)  |2 snkbucl  |9 60333 
655 7 |a články z novín a časopisov  |2 snkbucl  |9 267496 
773 0 |t Pravda  |g Roč. 63, č. 104 (4. 5. 1982), s. 3 
850 |a Slovenská národná knižnica v Martine  |a MTA001 
852 |a SNK  |b KIS3GCP 
958 |a RK 
992 |a RBX 
999 |c 3205039  |d 3206969